000
00321nam a2200133Ia 4500
005
20260326235458.0
008
260326s9999||||xx |||||||||||||| ||und||
100
_a
Cadogan, Gerald
245
0
_a
Palaces of Minoan Crete /
_c
Gerald Cadogan
260
_b
Methuen
300
_a
164 p.
650
_a
ARQUITECTURA
942
_c
BK
999
_c
8003
_d
8003